Statistiques concernant Foot - 25 meilleurs buteurs de l'équipe de France

Cliquez ici pour prendre le quiz!

Statistiques générales

  • Ce quiz a été pris 341 fois
    (149 depuis la dernière actualisation)
  • Le résultat moyen est 14 sur 25

Statistiques - réponses

Nombre de buts Joueur % Correct
51Thierry Henry
98%
35Olivier Giroud
96%
41Michel Platini
94%
29Antoine Griezmann
92%
34David Trezeguet
90%
31Zinédine Zidane
89%
27Karim Benzema
87%
30Jean-Pierre Papin
80%
30Just Fontaine
73%
26Sylvain Wiltord
67%
18Raymond Kopa
65%
16Franck Ribéry
64%
20Eric Cantona
60%
28Youri Djorkaeff
56%
14Robert Pirès
51%
16Laurent Blanc
50%
14Nicolas Anelka
47%
15Dominique Rocheteau
37%
18Roger Piantoni
15%
15Hervé Revelli
11%
22Jean Vincent
10%
21Jean Nicolas
7%
20Paul Nicolas
7%
19Jean Baratte
4%
15Eugène Maës
3%

Distribution des résultats

Percentile by Number Answered

% des personnes avec chaque résultat

Votre développement - résultats

Vous n’avez pas pris ce quiz depuis la dernière actualisation